Dynamo Dresden Kader 25/26 - Statistiken

Allgemein
  • Dieses Quiz wurde 73 mal gespielt
    50 seit der letzten Aktualisierung
  • Das Durchschnittsergebnis liegt bei 24 aus 30
Antwortstatistiken
Nummer Position Spieler % Korrekt
1 TH Tim Schreiber
100%
30 ST Stefan Kutschke
97%
9 ST Vincent Vermeij
97%
33 ST Christoph Daferner
93%
27 ZM Niklas Hauptmann
93%
39 IV Thomas Keller
93%
TS Trainer Thomas Stamm
93%
37 TH Daniel Mesenhöler
87%
40 TH Elias Bethke
87%
10 RF Jakob Lemmer
87%
13 IV Julian Pauli
87%
22 TH Lennart Grill
87%
42 IV Friedrich Müller
83%
7 RF Jason Ceka
83%
6 ZDM Kofi Amoako
83%
32 RV Jonas Sterner
80%
19 LV Alexander Rossipal
77%
15 IV Claudio Kammerknecht
77%
18 ZM Robert Wagner
77%
28 LV Sascha Risch
77%
5 ZDM Vinko Sapina
77%
2 RV Konrad Faber
73%
24 ZOM Tony Menzel
73%
23 IV Lars Bünning
70%
29 IV Lukas Boeder
70%
11 LF Dominik Kother
67%
8 ZM Luca Herrmann
60%
26 RV Jan-Hendrick Marx
50%
16 ZOM Nils Fröling
47%
20 ST Ben Bobzien
40%
Keine übereinstimmenden Quizze gefunden
Verteilung der Resultate
Anzahl Personen mit jedem Resultat
Perzentil nach korrekt beantworteten Fragen
Ihre Resultats-Entwicklung
Sie haben dieses Quiz seit der letzten Aktualisierung nicht gespielt